| 000 | 00378nam a2200145 a 4500 | ||
|---|---|---|---|
| 001 | 000031889 | ||
| 005 | 20200930063247.0 | ||
| 008 | 110707s1985 dr 000 0 spa d | ||
| 040 |
_aDO-SdBNP _bspa _cBNPHU |
||
| 110 |
_aBanco Financiero BHD _958088 |
||
| 245 | 1 | 0 | _aMemoria anual 1985 /. |
| 260 |
_aSanto Domingo : _bBHD, _c[1985]. |
||
| 300 |
_a40 p. ; _c28 cm. |
||
| 049 | _aBNPD | ||
| 999 |
_c31380 _d31380 |
||